[Event "CZE-chT2A 1718"]
[Site "Czech Republic"]
[Date "2018.03.18"]
[Round "10.8"]
[White "Minarik, Petr"]
[Black "Tejcek, Bohumil"]
[Result "1/2-1/2"]
[WhiteElo "1817"]
[BlackElo "1661"]
[PlyCount "116"]
[EventDate "2017.10.15"]
[EventType "team-tourn"]
[EventRounds "11"]
[EventCountry "CZE"]
[SourceTitle "EXT 2022"]
[Source "ChessBase"]
[SourceDate "2021.10.06"]
[SourceVersion "1"]
[SourceVersionDate "2021.10.06"]
[SourceQuality "1"]
[WhiteTeam "Kladno"]
[BlackTeam "Sokolov"]
[WhiteTeamCountry "CZE"]
[BlackTeamCountry "CZE"]

1. e4 Nf6 2. Nc3 d5 3. exd5 Nxd5 4. Nxd5 Qxd5 5. Nf3 Nc6 6. c3 Ne5 7. Nxe5 Qxe5+ 8. Qe2 Qxe2+ 9. Bxe2 Bf5 10. d4 0-0-0 11. Be3 Kb8 12. 0-0-0 h5 13. h3 g6 14. Bd3 Bxd3 15. Rxd3 e6 16. Rhd1 Be7 17. Kc2 c6 18. c4 a6 19. Bf4+ Kc8 20. d5 Bd6 21. Bg5 exd5 22. Bxd8 Kxd8 23. cxd5 c5 24. Rf3 f5 25. Re1 Kd7 26. Re6 Rg8 27. a4 f4 28. g3 g5 29. Rb3 Kc7 30. Rh6 fxg3 31. fxg3 g4 32. Rxh5 gxh3 33. Rxh3 Rg7 34. Rd3 c4 35. Rc3 b5 36. axb5 axb5 37. b3 Bb4 38. Rf3 c3 39. Rxc3+ Bxc3 40. Kxc3 Kd6 41. Kb4 Kxd5 42. Kxb5 Rb7+ 43. Ka4 Kc5 44. Rh5+ Kd4 45. Rb5 Ra7+ 46. Ra5 Rg7 47. b4 Rxg3 48. Rc5 Rg8 49. Rc7 Ra8+ 50. Kb3 Rb8 51. Rd7+ Ke5 52. Kc4 Ke6 53. Rc7 Kd6 54. Rc5 Rh8 55. Rd5+ Kc6 56. b5+ Kb7 57. Rd6 Rc8+ 58. Kb4 Rc1 1/2-1/2

[Event "Karlovy Vary op"]
[Site "Karlovy Vary"]
[Date "2009.05.02"]
[Round "6"]
[White "Tejcek, Bohumil"]
[Black "Bartos, Miroslav"]
[Result "0-1"]
[WhiteElo "1875"]
[BlackElo "1785"]
[PlyCount "100"]
[EventDate "2009.04.29"]
[EventType "swiss"]
[EventRounds "7"]
[EventCountry "CZE"]
[SourceTitle "CBM 130 Extra"]
[Source "ChessBase"]
[SourceDate "2009.07.02"]
[SourceVersion "2"]
[SourceVersionDate "2009.07.15"]
[SourceQuality "1"]

1. d4 d5 2. Nf3 Bf5 3. Nh4 Qd7 4. Nxf5 Qxf5 5. e3 e5 6. dxe5 Qxe5 7. Qd4 Qxd4 8. exd4 Nc6 9. c3 0-0-0 10. g3 f5 11. f3 Nf6 12. Bd3 Re8+ 13. Kf2 g6 14. Bd2 Bd6 15. b4 a6 16. Na3 Na7 17. c4 dxc4 18. Nxc4 Bf8 19. a3 Nd5 20. Rae1 Bg7 21. Ne5 Re6 22. f4 Nc6 23. Be3 Rd8 24. Bc4 Rf6 25. Bxd5 Rxd5 26. Rd1 Rfd6 27. Rd2 Bxe5 28. fxe5 Nxe5 29. Ke2 Nc4 30. Rd3 Re6 31. Kf2 Re4 32. Rc3 Nxe3 33. Rxe3 Rdxd4 34. Rc3 Rd2+ 35. Kf3 Ree2 36. a4 Rxh2 37. Re1 c6 38. b5 axb5 39. axb5 Kd7 40. b6 Rd5 41. Rce3 g5 42. Re7+ Kd6 43. R1e3 Rd4 44. R7e6+ Kc5 45. Rc3+ Kxb6 46. Rb3+ Kc5 47. Ke3 Ra4 48. Kd3 Rg2 49. Re5+ Kd6 50. Re3 Rg4 0-1